000 00509nam a2200193Ia 4500
005 20250326130911.0
008 250326s9999 xx 000 0 und d
020 _a0-333-67566-5
037 _aTextbook
040 _aFMSL
_beng
_cFMSL
041 _aeng
_2eng
084 _aX.42 N7
_qFMSL
100 _aArgy Victor
245 0 _aJapanese Economy
_cArgy Victor; Stein Leslie
260 _aUSA
_bUSA, Macmillan
_c1997
300 _axiv,379
942 _cTB
_hX.42 N7
999 _c1284605
_d1284605